[Event "Koge Bugt Basis 2 "]
[Site "Solrod"]
[Date "1999.08.24"]
[Round "1"]
[White "Jorgensen, Peter"]
[Black "Krag Jacobsen, Alan"]
[Result "1-0"]
[WhiteElo "1228"]
[BlackElo "1395"]
[PlyCount "63"]
[EventDate "1999.??.??"]
[EventType "tourn"]
[EventRounds "7"]
[EventCountry "DEN"]

1. d4 Nf6 2. c4 e6 3. Nc3 Bb4 4. Nf3 Bxc3+ 5. bxc3 d5 6. cxd5 Qxd5 7. Qc2 Nbd7
8. e3 b6 9. Bd3 c5 10. O-O Bb7 11. Re1 Ne4 12. Rd1 Ndf6 13. c4 Qd8 14. dxc5
Nxc5 15. Be4 Qc7 16. Bxb7 Qxb7 17. Ba3 Rc8 18. Bxc5 Rxc5 19. Qa4+ b5 20. cxb5
O-O 21. Rab1 Nd5 22. Qa5 g6 23. Rdc1 Rfc8 24. Rxc5 Rxc5 25. a4 Qc8 26. Kf1 Rc2
27. g3 Qc4+ 28. Kg2 Nxe3+ 29. Kg1 Qe2 30. Qd8+ Kg7 31. Qd4+ f6 32. Qxe3 1-0

[Event "Koge Bugt Basis 2 "]
[Site "Solrod"]
[Date "1999.08.24"]
[Round "1"]
[White "Wieland, Carsten"]
[Black "Thomsen, Heinrich Kirch"]
[Result "0-1"]
[WhiteElo "1176"]
[BlackElo "1330"]
[PlyCount "58"]
[EventDate "1999.??.??"]
[EventType "tourn"]
[EventRounds "7"]
[EventCountry "DEN"]

1. d4 Nf6 2. Nf3 g6 3. e3 Bg7 4. c4 d6 5. Nc3 O-O 6. Be2 e5 7. dxe5 Ne8 8. exd6
Qxd6 9. Qxd6 Nxd6 10. Nd5 Na6 11. Rb1 Bg4 12. b3 c6 13. Nf4 Ne4 14. O-O Nc3 15.
Ba3 Rfd8 16. Rb2 Bf5 17. Rd2 Rxd2 18. Nxd2 g5 19. Bd3 Bxd3 20. Nxd3 Rd8 21. Nf3
Rxd3 22. Nxg5 Rd2 23. Nf3 Rxa2 24. Be7 h6 25. h3 c5 26. Nh4 b6 27. Nf5 Nb4 28.
Nxg7 Kxg7 29. Rc1 Ne2+ 0-1

[Event "Koge Bugt Basis 2 "]
[Site "Solrod"]
[Date "1999.08.24"]
[Round "1"]
[White "Orup, Kim Amdi"]
[Black "Jorgensen, Leif"]
[Result "1/2-1/2"]
[WhiteElo "1237"]
[BlackElo "1439"]
[PlyCount "112"]
[EventDate "1999.??.??"]
[EventType "tourn"]
[EventRounds "7"]
[EventCountry "DEN"]

1. e4 c6 2. d4 d5 3. e5 Bf5 4. Bd3 Bxd3 5. Qxd3 e6 6. Nf3 Nd7 7. Bf4 Rc8 8. O-O
c5 9. c3 Qc7 10. Rc1 cxd4 11. Qxd4 Bc5 12. Qd3 Qb6 13. Qe2 Nh6 14. b4 Be7 15.
Be3 Qc7 16. Bxh6 gxh6 17. a3 Rg8 18. h3 Nf8 19. Re1 Ng6 20. Qe3 Qc4 21. Qxh6
Kd7 22. Kh2 Qf4+ 23. Qxf4 Nxf4 24. g3 Nd3 25. Re2 f6 26. Raa2 Nc1 27. Nd4 Nxa2
28. Rxa2 fxe5 29. Ne2 Rcf8 30. Kg2 h5 31. Rd2 Bd8 32. c4 d4 33. Nbc3 h4 34. g4
Rf7 35. Ne4 b6 36. Rd3 a5 37. b5 Be7 38. a4 Rc8 39. f4 Rxc4 40. fxe5 Rxa4 41.
Nxd4 Ra2+ 42. Kg1 Bc5 43. Nxc5+ bxc5 44. Nf5+ Kc7 45. b6+ Kxb6 46. Rd6+ Kc7 47.
Rxe6 c4 48. Rf6 Rd7 49. Ne3 Rd3 50. Rf7+ Kd8 51. Nxc4 Rxh3 52. e6 Rg3+ 53. Kf1
Ra1+ 54. Ke2 Ra2+ 55. Kf1 Ra1+ 56. Ke2 Ra2+ 1/2-1/2

[Event "Koge Bugt Basis 2 "]
[Site "Solrod"]
[Date "1999.08.31"]
[Round "2"]
[White "Jorgensen, Leif"]
[Black "Traerup, Jorgen"]
[Result "1-0"]
[WhiteElo "1439"]
[BlackElo "1279"]
[PlyCount "144"]
[EventDate "1999.??.??"]
[EventType "tourn"]
[EventRounds "7"]
[EventCountry "DEN"]

1. e4 c5 2. Nf3 Nc6 3. Bc4 e6 4. O-O g6 5. Re1 Bg7 6. c3 a6 7. d4 cxd4 8. cxd4
b5 9. Bb3 Na5 10. e5 Bb7 11. Bc2 Qc7 12. Nc3 Rc8 13. Be4 Ne7 14. Bg5 h6 15.
Bxe7 Kxe7 16. Rc1 Qb8 17. Bxb7 Qxb7 18. Ne4 Rxc1 19. Qxc1 Qc6 20. b3 Qxc1 21.
Rxc1 Nc6 22. Kf1 g5 23. h3 f5 24. exf6+ Bxf6 25. Nxf6 Kxf6 26. Ke2 h5 27. Ke3
g4 28. Ng1 Rg8 29. g3 Rg5 30. hxg4 hxg4 31. Ne2 Rd5 32. Rh1 e5 33. dxe5+ Rxe5+
34. Kd2 Rd5+ 35. Kc1 Ke7 36. Nf4 Rc5+ 37. Kd2 Kd8 38. Rh8+ Kc7 39. Rh7 Re5 40.
Rg7 Nb4 41. a3 Nc6 42. Rxg4 Na5 43. Kc2 d6 44. Rg7+ Kc6 45. Kc3 Re1 46. Nd3 Rb1
47. Nb4+ Kb6 48. Nd5+ Kc6 49. Nb4+ Kb6 50. Kd4 Nxb3+ 51. Kd5 Rd1+ 52. Ke6 Na5
53. f4 Nc4 54. f5 Re1+ 55. Kf6 a5 56. Nd5+ Kc5 57. Nf4 Ne5 58. Ne6+ Kc6 59. Ke7
b4 60. axb4 axb4 61. f6 b3 62. Nd4+ Kc7 63. Nxb3 Ng6+ 64. Kf7 Ne5+ 65. Kg8+ Kd8
66. f7 Nxf7 67. Kxf7 Rf1+ 68. Kg8 Ke8 69. g4 Rf4 70. g5 d5 71. g6 d4 72. Nc5
Rf5 1-0

[Event "Koge Bugt Basis 2 "]
[Site "Solrod"]
[Date "1999.08.31"]
[Round "2"]
[White "Thomsen, Heinrich Kirch"]
[Black "Orup, Kim Amdi"]
[Result "1-0"]
[WhiteElo "1330"]
[BlackElo "1237"]
[PlyCount "68"]
[EventDate "1999.??.??"]
[EventType "tourn"]
[EventRounds "7"]
[EventCountry "DEN"]

1. e4 c5 2. Nf3 Nc6 3. d4 cxd4 4. Nxd4 g6 5. Nc3 Bg7 6. Be3 e6 7. Qd2 Nge7 8.
O-O-O O-O 9. f4 f5 10. Nxc6 Nxc6 11. e5 Rf7 12. Nb5 Bf8 13. Bc4 Be7 14. Nd6
Bxd6 15. exd6 a6 16. g4 b5 17. Bb3 a5 18. c3 Bb7 19. Rhg1 b4 20. gxf5 Rxf5 21.
c4 Qe8 22. Bc2 Rf6 23. h4 Kg7 24. h5 Qf7 25. Bd4 Nxd4 26. Qxd4 Kh6 27. hxg6
hxg6 28. Rdf1 Kg7 29. Bxg6 Qxg6 30. Rxg6+ Kxg6 31. Rg1+ Kf7 32. Qf2 Be4 33. Qh4
Re8 34. Re1 Bf5 1-0

[Event "Koge Bugt Basis 2 "]
[Site "Solrod"]
[Date "1999.08.31"]
[Round "2"]
[White "Jorgensen, Peter"]
[Black "Wieland, Carsten"]
[Result "1-0"]
[WhiteElo "1228"]
[BlackElo "1176"]
[PlyCount "96"]
[EventDate "1999.??.??"]
[EventType "tourn"]
[EventRounds "7"]
[EventCountry "DEN"]

1. d4 d5 2. Nc3 Nf6 3. Bg5 e6 4. e4 Bb4 5. e5 h6 6. exf6 hxg5 7. fxg7 Rg8 8.
Qh5 Qf6 9. Nf3 Qxg7 10. Bd3 g4 11. Ne5 Bxc3+ 12. bxc3 Bd7 13. Be2 Nc6 14. Qxg4
Qxg4 15. Nxg4 f5 16. Nf6+ Ke7 17. Nxg8+ Rxg8 18. g3 e5 19. O-O-O e4 20. h4 a6
21. c4 dxc4 22. Bxc4 Rh8 23. c3 Kf6 24. Kd2 Be8 25. Ke3 Ne7 26. Rdg1 Bd7 27.
Be2 Nd5+ 28. Kd2 a5 29. g4 fxg4 30. Bxg4 Bxg4 31. Rxg4 Kf5 32. Rg5+ Ke6 33. h5
c6 34. h6 b5 35. Rg6+ Kd7 36. Rg7+ Ke6 37. h7 Nf6 38. Ke3 Kf5 39. Rf7 Kg6 40.
Rxf6+ Kxf6 41. Kxe4 Re8+ 42. Kd3 Kg7 43. f4 Rh8 44. f5 Rxh7 45. Rxh7+ Kxh7 46.
Ke4 Kg7 47. Ke5 Kf7 48. f6 a4 1-0

[Event "Koge Bugt Basis 2 "]
[Site "Solrod"]
[Date "1999.08.31"]
[Round "2"]
[White "Krag Jacobsen, Alan"]
[Black "Laursen, Steen"]
[Result "0-1"]
[WhiteElo "1395"]
[BlackElo "1367"]
[PlyCount "86"]
[EventDate "1999.??.??"]
[EventType "tourn"]
[EventRounds "7"]
[EventCountry "DEN"]

1. e4 d5 2. exd5 Nf6 3. Nf3 Bg4 4. Be2 Nxd5 5. d4 e6 6. O-O Bd6 7. c4 Nf4 8.
Bxf4 Bxf4 9. Nc3 O-O 10. Qb3 b6 11. Rad1 Qf6 12. d5 Na6 13. Ne4 Qe7 14. Qb5
exd5 15. cxd5 Qxe4 16. Qxa6 Qb4 17. Rd4 Qd6 18. h3 Bc8 19. Qa4 Bh6 20. Qc2 Bb7
21. Bc4 g6 22. Re1 Rfe8 23. Rde4 Rxe4 24. Qxe4 Rd8 25. Qe7 Bf4 26. Qxd6 Bxd6
27. Bb3 a5 28. Nd4 a4 29. Bc4 Bb4 30. Rc1 Bxd5 31. Bxd5 Rxd5 32. Nf3 Bd6 33.
Kf1 f6 34. Rc2 Kf7 35. Ke2 Ke6 36. Nd2 f5 37. a3 g5 38. Nf3 h6 39. Rc4 b5 40.
Nd4+ Kd7 41. Nxb5 Rxb5 42. Rxa4 Rxb2+ 43. Kf3 Rb3+ 0-1

[Event "Koge Bugt Basis 2 "]
[Site "Solrod"]
[Date "1999.09.07"]
[Round "3"]
[White "Orup, Kim Amdi"]
[Black "Jorgensen, Peter"]
[Result "1-0"]
[WhiteElo "1237"]
[BlackElo "1228"]
[PlyCount "47"]
[EventDate "1999.??.??"]
[EventType "tourn"]
[EventRounds "7"]
[EventCountry "DEN"]

1. e4 c6 2. d4 d5 3. e5 Bf5 4. Bd3 Bxd3 5. Qxd3 Nd7 6. Nf3 e6 7. Bd2 Qb6 8. b3
c5 9. Be3 Rc8 10. O-O Ne7 11. Nbd2 Nf5 12. c4 cxd4 13. Bxd4 Nxd4 14. Qxd4 Bc5
15. Qf4 d4 16. Ng5 O-O 17. Nde4 Rcd8 18. Nxh7 Be7 19. Nxf8 Kxf8 20. Rad1 Nb8
21. Rd3 Nc6 22. Rf3 Ke8 23. Qxf7+ Kd7 24. Qxg7 1-0

[Event "Koge Bugt Basis 2 "]
[Site "Solrod"]
[Date "1999.09.07"]
[Round "3"]
[White "Wieland, Carsten"]
[Black "Krag Jacobsen, Alan"]
[Result "0-1"]
[WhiteElo "1176"]
[BlackElo "1395"]
[PlyCount "86"]
[EventDate "1999.??.??"]
[EventType "tourn"]
[EventRounds "7"]
[EventCountry "DEN"]

1. d4 Nf6 2. Nf3 d6 3. Nc3 Bf5 4. Bf4 Nbd7 5. e3 e6 6. Bd3 Bxd3 7. Qxd3 Be7 8.
O-O O-O 9. Rfe1 d5 10. e4 dxe4 11. Nxe4 Nxe4 12. Qxe4 c6 13. a3 Qb6 14. Rab1
Nf6 15. Qd3 Rfd8 16. Be5 h6 17. b4 Qb5 18. Qxb5 cxb5 19. Bxf6 Bxf6 20. c3 Rac8
21. Re3 Rc7 22. h4 Rdc8 23. Rc1 g5 24. hxg5 hxg5 25. Ne5 Kg7 26. Rg3 Bxe5 27.
dxe5 Kf8 28. Kf1 Rc4 29. Re3 Rh4 30. Rh3 Rxh3 31. gxh3 Kg7 32. Kg2 Kg6 33. Kg3
Kf5 34. f3 Kxe5 35. Kg4 Kf6 36. f4 gxf4 37. Kxf4 e5+ 38. Ke4 Rc4+ 39. Kd3 Rh4
40. Rf1+ Ke6 41. Rh1 f5 42. Ke3 e4 43. Rh2 Ke5 0-1

[Event "Koge Bugt Basis 2 "]
[Site "Solrod"]
[Date "1999.09.07"]
[Round "3"]
[White "Traerup, Jorgen"]
[Black "Thomsen, Heinrich Kirch"]
[Result "1/2-1/2"]
[WhiteElo "1279"]
[BlackElo "1330"]
[PlyCount "94"]
[EventDate "1999.??.??"]
[EventType "tourn"]
[EventRounds "7"]
[EventCountry "DEN"]

1. e4 c5 2. Nf3 Nc6 3. Bc4 e6 4. Nc3 Nge7 5. O-O d5 6. exd5 exd5 7. Bb5 a6 8.
Bxc6+ Nxc6 9. Re1+ Be6 10. d3 Be7 11. Ne5 Nxe5 12. Rxe5 Bd6 13. Bg5 Qd7 14. Re1
O-O 15. Qh5 f6 16. Bd2 f5 17. b3 Rf6 18. f4 d4 19. Na4 Raf8 20. Qf3 b5 21. Nb6
Qf7 22. c4 Rh6 23. Nd5 Bxd5 24. Qxd5 Qxd5 25. cxd5 Kf7 26. Re2 Re8 27. Rae1
Rxe2 28. Rxe2 Bc7 29. Re6 Rxe6 30. dxe6+ Kxe6 31. g3 Kd5 32. Kf2 c4 33. Ke2 c3
34. Bc1 Bd6 35. Kd1 Kc5 36. Ba3+ b4 37. Bc1 Kb5 38. Kc2 a5 39. Kb1 h5 40. h4
Be7 41. Kc2 Kc5 42. a4 Kd5 43. Kd1 Ke6 44. Ke2 Kf7 45. Kf3 Kg6 46. Kg2 Kh6 47.
Kf3 Bd6 1/2-1/2

[Event "Koge Bugt Basis 2 "]
[Site "Solrod"]
[Date "1999.09.14"]
[Round "4"]
[White "Krag Jacobsen, Alan"]
[Black "Jorgensen, Leif"]
[Result "0-1"]
[WhiteElo "1395"]
[BlackElo "1439"]
[PlyCount "124"]
[EventDate "1999.??.??"]
[EventType "tourn"]
[EventRounds "7"]
[EventCountry "DEN"]

1. d4 Nf6 2. Nf3 e6 3. Bg5 c5 4. e3 cxd4 5. Nxd4 Qa5+ 6. Nc3 Qxg5 7. h4 Qa5 8.
a3 Nc6 9. b4 Qd8 10. Ndb5 d5 11. g3 a6 12. Nd4 Nxd4 13. Qxd4 Bd7 14. Bg2 Bc6
15. O-O Bd6 16. Rfd1 Qd7 17. e4 e5 18. Qd2 d4 19. Nd5 Bxd5 20. exd5 Qb5 21. c3
dxc3 22. Qxc3 O-O 23. Rac1 Qb6 24. Rc2 Qd8 25. Bh3 Re8 26. Qb3 Qe7 27. Rdc1 Qd8
28. Kh2 e4 29. Rc3 Nxd5 30. Rc8 Qb6 31. Rxe8+ Rxe8 32. Qxd5 Qxf2+ 33. Kh1 Bxg3
34. Bg2 e3 35. Rf1 e2 36. Rxf2 e1=Q+ 37. Rf1 Qe7 38. Kg1 Bxh4 39. Qxb7 Qxb7 40.
Bxb7 Re6 41. Rc1 g5 42. Rc8+ Kg7 43. Ra8 f5 44. Bxa6 f4 45. Ra7+ Kh8 46. Ra8+
Kg7 47. Bc4 Re1+ 48. Kg2 h6 49. b5 Re3 50. Rg8+ Kh7 51. Ra8 g4 52. Ra7+ Kg6 53.
Ra6+ Kg5 54. Re6 Rxa3 55. Re5+ Kg6 56. Re6+ Kg7 57. Re8 f3+ 58. Kh2 Kf6 59.
Re6+ Kg5 60. Re8 Kf4 61. Rf8+ Ke3 62. Re8+ Kd4 0-1

[Event "Koge Bugt Basis 2 "]
[Site "Solrod"]
[Date "1999.09.14"]
[Round "4"]
[White "Jorgensen, Peter"]
[Black "Traerup, Jorgen"]
[Result "1-0"]
[WhiteElo "1228"]
[BlackElo "1279"]
[PlyCount "97"]
[EventDate "1999.??.??"]
[EventType "tourn"]
[EventRounds "7"]
[EventCountry "DEN"]

1. d4 d5 2. Nc3 Nf6 3. Bg5 e6 4. e4 Be7 5. e5 Nfd7 6. Bxe7 Qxe7 7. Bd3 Nc6 8.
Qg4 g6 9. Nge2 Nb4 10. O-O-O Nb6 11. h4 Bd7 12. h5 Nxd3+ 13. Rxd3 O-O-O 14.
Rdh3 Be8 15. hxg6 fxg6 16. Nf4 Bf7 17. Rxh7 Rxh7 18. Rxh7 Rg8 19. Nfxd5 Nxd5
20. Nxd5 Qf8 21. Qh3 Rg7 22. Rh8 Rg8 23. Rxg8 Bxg8 24. Nf6 Bf7 25. d5 Qe7 26.
dxe6 Bxe6 27. Qh8+ Qd8 28. Qxd8+ Kxd8 29. a3 Ke7 30. Kd2 c6 31. Ke3 b6 32. g4
a6 33. f4 a5 34. Ke4 a4 35. f5 gxf5+ 36. gxf5 Ba2 37. Ng4 Bb1 38. Ne3 b5 39.
Kd4 Ba2 40. Kc5 Kd7 41. e6+ Kc7 42. e7 Bf7 43. f6 Bg6 44. c3 Kd7 45. Ng4 Be8
46. Ne5+ Ke6 47. f7 Bxf7 48. Nxf7 Kxf7 49. Kxc6 1-0

[Event "Koge Bugt Basis 2 "]
[Site "Solrod"]
[Date "1999.09.14"]
[Round "4"]
[White "Wieland, Carsten"]
[Black "Orup, Kim Amdi"]
[Result "0-1"]
[WhiteElo "1176"]
[BlackElo "1237"]
[PlyCount "46"]
[EventDate "1999.??.??"]
[EventType "tourn"]
[EventRounds "7"]
[EventCountry "DEN"]

1. d4 Nf6 2. Nf3 d5 3. Bf4 Bf5 4. e3 e6 5. Bd3 Bg4 6. O-O Bd6 7. Bxd6 Qxd6 8.
Be2 Nc6 9. Nbd2 O-O 10. c4 Ne4 11. c5 Qe7 12. Nxe4 dxe4 13. Nd2 Bf5 14. a3 a6
15. Qc2 Qf6 16. Nxe4 Qg6 17. Bf3 Ne7 18. h3 h5 19. Rac1 Nd5 20. Bxh5 Qxh5 21.
Kh2 Qh7 22. f3 Nxe3 23. Ng5 Nxf1+ 0-1

[Event "Koge Bugt Basis 2 "]
[Site "Solrod"]
[Date "1999.09.21"]
[Round "5"]
[White "Jorgensen, Leif"]
[Black "Thomsen, Heinrich Kirch"]
[Result "0-1"]
[WhiteElo "1439"]
[BlackElo "1330"]
[PlyCount "76"]
[EventDate "1999.??.??"]
[EventType "tourn"]
[EventRounds "7"]
[EventCountry "DEN"]

1. g4 Nf6 2. h3 e5 3. Bg2 h6 4. d4 exd4 5. Qxd4 Nc6 6. Qe3+ Be7 7. Nc3 d5 8.
Qd2 Be6 9. g5 hxg5 10. Qxg5 Nh5 11. Qd2 g5 12. Bxd5 Nb4 13. Be4 f5 14. Qxd8+
Rxd8 15. a3 fxe4 16. axb4 a6 17. b5 axb5 18. Nxb5 Kd7 19. Bd2 Bc5 20. Bxg5 Rdg8
21. h4 Rf8 22. Be3 Bxe3 23. fxe3 Ng3 24. Rh2 Rf1+ 25. Kd2 Rxa1 26. Rg2 Nf1+ 27.
Kc3 Nxe3 28. Rg7+ Kc6 29. Nd4+ Kd5 30. Rg5+ Kd6 31. Nb5+ Ke7 32. Kd2 Nc4+ 33.
Kc3 Rxh4 34. e3 Nxe3 35. Ne2 Nd5+ 36. Kd4 Rd1+ 37. Ke5 Nb6 38. Ned4 Nd7# 0-1

[Event "Koge Bugt Basis 2 "]
[Site "Solrod"]
[Date "1999.09.21"]
[Round "5"]
[White "Orup, Kim Amdi"]
[Black "Krag Jacobsen, Alan"]
[Result "1-0"]
[WhiteElo "1237"]
[BlackElo "1395"]
[PlyCount "25"]
[EventDate "1999.??.??"]
[EventType "tourn"]
[EventRounds "7"]
[EventCountry "DEN"]

1. e4 e5 2. Bc4 Nf6 3. Nc3 c6 4. Nf3 d5 5. exd5 cxd5 6. Bb3 Bg4 7. h3 Bxf3 8.
Qxf3 e4 9. Qf5 Nbd7 10. Nxd5 g6 11. Nxf6+ Nxf6 12. Ba4+ Nd7 13. Qe5+ 1-0

[Event "Koge Bugt Basis 2 "]
[Site "Solrod"]
[Date "1999.09.21"]
[Round "5"]
[White "Traerup, Jorgen"]
[Black "Wieland, Carsten"]
[Result "1/2-1/2"]
[WhiteElo "1279"]
[BlackElo "1176"]
[PlyCount "49"]
[EventDate "1999.??.??"]
[EventType "tourn"]
[EventRounds "7"]
[EventCountry "DEN"]

1. e4 e6 2. Nf3 Nf6 3. Nc3 d5 4. exd5 exd5 5. Qe2+ Be7 6. Qd3 O-O 7. Be2 Re8 8.
O-O Bb4 9. a3 Bxc3 10. dxc3 h6 11. Be3 Bg4 12. h3 Bh5 13. Qd1 Ne4 14. Re1 c6
15. Nd4 Bxe2 16. Qxe2 Qf6 17. Qg4 Qg6 18. Qxg6 fxg6 19. Nf3 Nd7 20. Rad1 Ndf6
21. Bd4 a6 22. Bxf6 gxf6 23. Rd3 b5 24. Rde3 Kf7 25. b4 1/2-1/2

[Event "Koge Bugt Basis 2 "]
[Site "Solrod"]
[Date "1999.09.28"]
[Round "6"]
[White "Krag Jacobsen, Alan"]
[Black "Thomsen, Heinrich Kirch"]
[Result "0-1"]
[WhiteElo "1395"]
[BlackElo "1330"]
[PlyCount "92"]
[EventDate "1999.??.??"]
[EventType "tourn"]
[EventRounds "7"]
[EventCountry "DEN"]

1. e4 c5 2. Nf3 Nc6 3. d4 cxd4 4. Nxd4 Nf6 5. Nc3 e5 6. Ndb5 d6 7. Bg5 a6 8.
Na3 b5 9. Nd5 Be7 10. Bxf6 Bxf6 11. c3 O-O 12. Be2 Bg5 13. O-O Be6 14. f4 exf4
15. Nxf4 Bxf4 16. Rxf4 Qb6+ 17. Rf2 Ne5 18. Nc2 f5 19. Nd4 fxe4 20. Rxf8+ Rxf8
21. Kh1 Bc4 22. Bxc4+ Nxc4 23. Qe2 d5 24. b3 Ne5 25. Qh5 Qf6 26. h3 h6 27. Rd1
Qd6 28. Nc2 Nd3 29. Kg1 Rc8 30. Ne3 d4 31. cxd4 Qxd4 32. Qd5+ Qxd5 33. Nxd5 Rc2
34. Ra1 Kf7 35. a4 b4 36. Ne3 Rb2 37. Nc4 Rxb3 38. Nd6+ Ke6 39. Nxe4 Kd5 40.
Nd2 Rb2 41. Nf3 Kc4 42. a5 b3 43. Ra4+ Kb5 44. Rd4 Rb1+ 45. Kh2 Rd1 46. Rd5+
Kc4 0-1

[Event "Koge Bugt Basis 2 "]
[Site "Solrod"]
[Date "1999.09.28"]
[Round "6"]
[White "Orup, Kim Amdi"]
[Black "Traerup, Jorgen"]
[Result "1-0"]
[WhiteElo "1237"]
[BlackElo "1279"]
[PlyCount "105"]
[EventDate "1999.??.??"]
[EventType "tourn"]
[EventRounds "7"]
[EventCountry "DEN"]

1. e4 c5 2. Nf3 Nc6 3. d4 cxd4 4. Nxd4 g6 5. Be3 d6 6. Nc3 a6 7. Bc4 e6 8. a3
Bg7 9. Qd2 Nf6 10. Rd1 Bf8 11. O-O Be7 12. Bh6 Rg8 13. b4 Ne5 14. Bb3 Bd7 15.
Bf4 Rc8 16. Bxe5 dxe5 17. Nde2 Qc7 18. f3 Rd8 19. Qe1 Bc6 20. Rxd8+ Kxd8 21.
Qd2+ Kc8 22. Qe3 h5 23. Rd1 Rd8 24. Rxd8+ Bxd8 25. Kf1 Be7 26. Qa7 Qb8 27.
Qxb8+ Kxb8 28. Ba4 Kc7 29. Bb3 g5 30. h3 h4 31. Kf2 Nh5 32. Nd1 Bd6 33. Ne3 a5
34. Nc4 axb4 35. Nxd6 Kxd6 36. axb4 b5 37. Ke3 Nf4 38. Nxf4 exf4+ 39. Kd3 Ke5
40. c4 Kd6 41. cxb5 Bxb5+ 42. Bc4 Kc6 43. Bxb5+ Kxb5 44. Kd4 f6 45. Kc3 f5 46.
e5 g4 47. Kb3 Kc6 48. Kc4 Kb6 49. b5 g3 50. Kb4 Kc7 51. Kc5 Kb7 52. b6 Ka6 53.
Kc6 1-0

[Event "Koge Bugt Basis 2 "]
[Site "Solrod"]
[Date "1999.09.28"]
[Round "6"]
[White "Jorgensen, Peter"]
[Black "Jorgensen, Leif"]
[Result "1-0"]
[WhiteElo "1228"]
[BlackElo "1439"]
[PlyCount "67"]
[EventDate "1999.??.??"]
[EventType "tourn"]
[EventRounds "7"]
[EventCountry "DEN"]

1. d4 Nf6 2. c4 e6 3. Nc3 Bb4 4. Nf3 d5 5. e3 Bxc3+ 6. bxc3 c6 7. Rb1 Ne4 8.
Qc2 Nd7 9. cxd5 exd5 10. c4 Ndf6 11. cxd5 Qxd5 12. Bc4 Qf5 13. Ne5 O-O 14. Ba3
Nxf2 15. Qxf5 Bxf5 16. Kxf2 Bxb1 17. Bxf8 Kxf8 18. Rxb1 Ne4+ 19. Ke1 Nd6 20.
Bd3 g6 21. Nc4 Nb5 22. Na5 Nc3 23. Rxb7 Nxa2 24. Nxc6 a5 25. Ra7 Rxa7 26. Nxa7
Nb4 27. Kd2 Ke7 28. Bb5 f5 29. Nc6+ Nxc6 30. Bxc6 Kd6 31. d5 g5 32. Kd3 h5 33.
e4 fxe4+ 34. Kxe4 1-0

[Event "Koge Bugt Basis 2 "]
[Site "Solrod"]
[Date "1999.10.05"]
[Round "7"]
[White "Thomsen, Heinrich Kirch"]
[Black "Jorgensen, Peter"]
[Result "1-0"]
[WhiteElo "1330"]
[BlackElo "1228"]
[PlyCount "47"]
[EventDate "1999.??.??"]
[EventType "tourn"]
[EventRounds "7"]
[EventCountry "DEN"]

1. e4 e5 2. Nf3 Nc6 3. Bb5 Nf6 4. O-O Bc5 5. Nxe5 Nxe5 6. d4 Bd6 7. dxe5 Bxe5
8. f4 Bd6 9. e5 Bc5+ 10. Kh1 Ne4 11. Qf3 Nf2+ 12. Rxf2 Bxf2 13. Qxf2 c6 14. Bd3
d6 15. exd6 Qxd6 16. Be3 b6 17. Nc3 c5 18. Rd1 Qc7 19. Bb5+ Kf8 20. Nd5 Qd6 21.
Qe2 a6 22. Nc3 Qf6 23. Bc4 Bb7 24. Rd7 1-0

[Event "Koge Bugt Basis 2 "]
[Site "Solrod"]
[Date "1999.10.05"]
[Round "7"]
[White "Traerup, Jorgen"]
[Black "Krag Jacobsen, Alan"]
[Result "0-1"]
[WhiteElo "1279"]
[BlackElo "1395"]
[PlyCount "58"]
[EventDate "1999.??.??"]
[EventType "tourn"]
[EventRounds "7"]
[EventCountry "DEN"]

1. e4 e5 2. g3 Nf6 3. d3 Bc5 4. Qe2 Nc6 5. c3 d6 6. h3 Be6 7. Be3 Bxe3 8. Qxe3
Qd7 9. Nf3 d5 10. exd5 Qxd5 11. Nbd2 b5 12. Bg2 Rd8 13. Nh4 Qd6 14. Ne4 Nxe4
15. Bxe4 Ne7 16. g4 Nd5 17. Qd2 Nf4 18. O-O-O Bxa2 19. Nf5 Qf6 20. Qc2 Bd5 21.
Rd2 Bxe4 22. dxe4 O-O 23. h4 Rxd2 24. Qxd2 Rd8 25. Qc2 g6 26. Ne3 Nd3+ 27. Kb1
Qxf2 28. Qxf2 Nxf2 29. Nd5 Nxh1 0-1